Propuesta para la implementación de un plan de mejora en la calidad de servicio de atención a clientes internet DSL para la empresa ANEWBROADBAND

Presenta un plan de mejora de la calidad en el servicio de la empresa ANEWBROADBAND que aumente la satisfacción del cliente en el servicio DSL, plan basado en la tecnología de la 5´s.

Bibliographic Details
Main Author: Meyer López, Esteban Julián
Other Authors: Tutor: Sánchez García, Marvin Rene
Format: Tesis Section = Libro
Language:Undetermined
Spanish
Published: Managua UNI 2012
Subjects:
LEADER 01014nam a2200241Ia 4500
008 240830s9999 xx 000 0 und d
040 |a BIBLIOTECA-RUPAP T.Mon 658.812 M613 
041 |a spa 
082 |a T.Mon 658.812 M613 
100 1 |a Meyer López, Esteban Julián 
245 1 0 |a Propuesta para la implementación de un plan de mejora en la calidad de servicio de atención a clientes internet DSL para la empresa ANEWBROADBAND 
260 |a Managua  |b UNI  |c 2012 
300 |a 41 p. :il. 
500 |a Contiene: anexos e Incluye: CD. 
502 |a Tesis (Ingeniero de Sistemas)- UNI, 2012. 
520 3 |a Presenta un plan de mejora de la calidad en el servicio de la empresa ANEWBROADBAND que aumente la satisfacción del cliente en el servicio DSL, plan basado en la tecnología de la 5´s. 
650 7 |a SERVICO AL CLIENTE 
650 7 |b CALIDAD DE SERVICIO AL CLIENTE 
650 7 |c RELACIONES HUMANAS 
700 1 |a Tutor:  |b Sánchez García, Marvin Rene 
942 |c BK  |2 ddc 
991 |a TESIS 
999 |c 18758